Krishna's operating system / (Record no. 65067)
[ view plain ]
| 000 -LEADER | |
|---|---|
| fixed length control field | 00859nam a22002657a 4500 |
| 005 - DATE AND TIME OF LATEST TRANSACTION | |
| control field | 20130402104508.0 |
| 010 ## - LCCN (DPL NO) | |
| LC control number | ENG-105002 |
| 020 ## - INTERNATIONAL STANDARD BOOK NUMBER | |
| International Standard Book Number | 9788182831553 |
| Terms of availability | 125.00 |
| 020 ## - INTERNATIONAL STANDARD BOOK NUMBER | |
| International Standard Book Number | 8182831512 |
| Terms of availability | 125.00 |
| 020 ## - INTERNATIONAL STANDARD BOOK NUMBER | |
| Terms of availability | 100.00 |
| 035 ## - SYSTEM CONTROL NUMBER | |
| System control number | EN-88535 |
| 035 ## - SYSTEM CONTROL NUMBER | |
| System control number | B-491318-321 |
| 037 ## - SOURCE OF ACQUISITION | |
| Source of stock number/acquisition | DBAD/PUB |
| 037 ## - SOURCE OF ACQUISITION | |
| Source of stock number/acquisition | Mallika Books/Ven |
| 082 ## - DEWEY DECIMAL CLASSIFICATION NUMBER | |
| Classification number | 005.43 |
| 100 ## - MAIN ENTRY--PERSONAL NAME | |
| Personal name | Bansal, Paritosh |
| 245 ## - TITLE STATEMENT | |
| Title | Krishna's operating system / |
| Statement of responsibility, etc | by Paritosh Bansal ; edited by Er. Sugam Rastogi |
| Remainder of title | |
| 260 ## - PUBLICATION, DISTRIBUTION, ETC. (IMPRINT) | |
| Place of publication, distribution, etc | Meerut |
| Name of publisher, distributor, etc | Krishna Prakashan |
| Date of publication, distribution, etc | 2011 |
| 270 ## - ADDRESS | |
| Address | 11, Shivaji Road |
| City | Meerut |
| Postal code | 250001 |
| 300 ## - PHYSICAL DESCRIPTION | |
| Extent | xv,204,4p. |
| Dimensions | 24cm(pbk) |
| 500 ## - GENERAL NOTE | |
| General note | Includes index |
| 700 ## - ADDED ENTRY--PERSONAL NAME | |
| Personal name | Rastogi, Sugam |
| 9 (RLIN) | 45143 |
| 942 ## - ADDED ENTRY ELEMENTS (KOHA) | |
| Source of classification or shelving scheme | Dewey Decimal Classification |
| Item type | English Books |
| Classification part | 005.43 |
| Call number suffix | BAN |
| Withdrawn status | Lost status | Not for loan | Collection code | Home library | Current library | Date acquired | Source of acquisition | Cost, normal purchase price | Full call number | Barcode | Copy number | Cost, replacement price | Koha item type |
|---|---|---|---|---|---|---|---|---|---|---|---|---|---|
| Non-fiction | Central Library | Central Library | 21/03/2013 | Mallika Books/68/10.01.2013/23/18.12.2012/18.01.2013 | 100.00 | 005.43 BAN | B-491318 | 1 | 100.00 | English Books | |||
| Not For Loan | Non-fiction | D.B.Act.Division | D.B.Act.Division | 16/04/2012 | DBAD/PUB | 125.00 | 005.43 BAN | EN-88535 | 1 | 125.00 | English Books | ||
| Non-fiction | Janak Puri | Janak Puri | 21/03/2013 | Mallika Books/68/10.01.2013/23/18.12.2012/18.01.2013 | 100.00 | 005.43 BAN | B-491320 | 1 | 100.00 | English Books | |||
| Non-fiction | Patel Nagar | Patel Nagar | 21/03/2013 | Mallika Books/68/10.01.2013/23/18.12.2012/18.01.2013 | 100.00 | 005.43 BAN | B-491319 | 1 | 100.00 | English Books | |||
| Non-fiction | Shahdara Branch | Shahdara Branch | 21/03/2013 | Mallika Books/68/10.01.2013/23/18.12.2012/18.01.2013 | 100.00 | 005.43 BAN | B-491321 | 1 | 100.00 | English Books |
